000 00557nam a2200193Ia 4500
005 20250508161755.0
008 008 250505s9999 xx 000 0 eng d
037 _aBooks to be hide in OPAC
040 _aFEDL
_beng
_cFEDL
041 _aeng
_2eng
084 _a428, NOY/O
_qFEDL
100 _aNoyle George
245 0 _aAdventures into literature
260 _aLondon, UK
_bThe Macmillan and Company Limited
_c1949
300 _a378p.
490 _aMacmillan's easy study series
942 _cHB
_h428, NOY/O
999 _c1372109
_d1372109